Personnages Marvel par Image #1 - Statistiques

Statistiques générales
  • Ce quiz a été pris 110 fois
    70 depuis la dernière actualisation
  • Le résultat moyen est 11 sur 15
Statistiques - réponses
Par images Réponse % Correct
Iron man
100%
Doctor Strange / Docteur Srange
97%
Spider Man
95%
Loki
92%
Ultron
90%
Hawkeye / Œil de faucon
89%
Black Widow / Veuve noire
87%
Moon Knight / Le chevalier de la lune
81%
She Hulk / Miss hulk
81%
Scarlet Witch / Sorcière rouge
69%
Miss marvel / Kamala Khan
68%
Shang Chi
66%
Kate Bishop
40%
The watcher / Uatu / Le gardien
34%
Taskmaster / Maitre de corvée
26%
Aucun quiz correspondant
Distribution des résultats
% des personnes avec chaque résultat
Percentile par nombre de réponses
Votre historique - résultats
Vous n’avez pas pris ce quiz depuis la dernière actualisation